| 000 | 00543 a2200205 4500 | ||
|---|---|---|---|
| 005 | 20260213162858.0 | ||
| 008 | 260213b |||||||| |||| 00| 0 eng d | ||
| 020 |
_a9789388269681 _cRs. 1200.00 |
||
| 040 | _aMAIN | ||
| 082 |
_a796.076132 _bB852H |
||
| 100 | _aBuchha, Abhay N, ed. | ||
| 245 | _aHealth education and Sports nutrition | ||
| 260 |
_bSports Publication _c2024 _aNew Delhi |
||
| 300 | _a331 | ||
| 650 | _aPhysical Education | ||
| 650 | _aSports | ||
| 650 | _aHealth Education | ||
| 650 | _aSports Nutrition | ||
| 942 | _cBK | ||
| 999 |
_c394070 _d394070 |
||